| 000 | 00414nam a2200145Ia 4500 | ||
|---|---|---|---|
| 008 | 150610s9999 xx 000 0 und d | ||
| 020 | _a0 440241073 | ||
| 050 |
_aPS3557 _b.R5355 S95 2003 |
||
| 100 | _aGrisham, John | ||
| 245 | 4 |
_aThe summons / _cJohn Grisham. |
|
| 250 | _aDell domestic mass market ed. | ||
| 260 |
_aNew York : _bBantam Dell, _c2003. |
||
| 300 |
_a373pages ; _c18 cm. |
||
| 520 | _aFiction. | ||
| 999 |
_c288092 _d288092 |
||